000 00609nam a2200181 a 4500
008 120416s1988 ||||||||||||||||| || u
020 _a0452263794
050 _aHD 58.7 Cro
100 _aCrosby, Philip B
245 1 4 _aThe Eternally successful organization
246 _athe art of corporate wellness
260 _aNew York
_bPlume Books
_c1988
300 _axii, 255p.
350 _a0.00
650 _aORGANIZATIONAL SUCCESS
650 0 _aBUSINESS
995 _D0.00
_FCBU-MAIN LIBRARY (Kitwe)
_H1
_I9.95
_M1
_ULOST
_ZMain Library Open Access Collection
999 _c42509
_d42509